The great temple at Tanjore/ (Record no. 47672)

MARC details
000 -LEADER
fixed length control field 00866nam a22002417a 4500
005 - DATE AND TIME OF LATEST TRANSACTION
control field 2010092300390.0
008 - FIXED-LENGTH DATA ELEMENTS--GENERAL INFORMATION
fixed length control field 100923t xxu||||| |||| 00| 0 eng d
010 ## - LCCN (DPL NO)
LC control number ENG-101544
020 ## - INTERNATIONAL STANDARD BOOK NUMBER
Terms of availability 100.00
035 ## - SYSTEM CONTROL NUMBER
System control number EN-85077
037 ## - SOURCE OF ACQUISITION
Source of stock number/acquisition DBAD/PUB
040 ## - CATALOGING SOURCE
Original cataloging agency dpl
Language of cataloging English
082 ## - DEWEY DECIMAL CLASSIFICATION NUMBER
Classification number 294.535
100 ## - MAIN ENTRY--PERSONAL NAME
9 (RLIN) 21271
Personal name Somasundaram, J.M.
245 ## - TITLE STATEMENT
Title The great temple at Tanjore/
Statement of responsibility, etc by J.M. Somasundaram
250 ## - EDITION STATEMENT
Edition statement 4th ed
260 ## - PUBLICATION, DISTRIBUTION, ETC. (IMPRINT)
Place of publication, distribution, etc Thanjavur
Name of publisher, distributor, etc Thnjavur Periyakoil Varavazhipattu Mandram
Date of publication, distribution, etc 2010
270 ## - ADDRESS
Address 152/2630, Arumuga Asari Lane, South Main Street
City Thanjavur
Postal code 613009
300 ## - PHYSICAL DESCRIPTION
Extent 120p.:
Dimensions 22cm (pbk)
Other physical details ill
700 ## - ADDED ENTRY--PERSONAL NAME
9 (RLIN) 21394
942 ## - ADDED ENTRY ELEMENTS (KOHA)
Source of classification or shelving scheme Dewey Decimal Classification
Item type English Books
Call number suffix SOM
Classification part 294.535
Holdings
Withdrawn status Lost status Source of classification or shelving scheme Damaged status Not for loan Collection code Home library Current library Date acquired Source of acquisition Cost, normal purchase price Total Checkouts Full call number Barcode Date last seen Copy number Cost, replacement price Koha item type
    Dewey Decimal Classification   Not For Loan Non-fiction D.B.Act.Division D.B.Act.Division 24/09/2010 DBAD/PUB 100.00   294.535 SOM EN-85077 24/09/2010 1 100.00 English Books

© Delhi Public Library
Hit Counter
free hit counter